Топчий Валентин Алексеевич (Запись № 12470242)

Подробности
000 -МАРКЕР
контрольное поле 02408nam0a2200397 4500
001 - ИДЕНТИФИКАТОР ЗАПИСИ
контрольное поле RU\NLR\BIBL_A\012864675
005 - ИДЕНТИФИКАТОР ВЕРСИИ
контрольное поле 20260407113516.0
010 ## - МЕЖДУНАРОДНЫЙ СТАНДАРТНЫЙ НОМЕР КНИГИ (ISBN)
Номер (ISBN) 978-5-8149-3434-5
Тираж 50
021 ## - НОМЕР ГОСУДАРСТВЕННОЙ РЕГИСТРАЦИИ
Код страны российская федерация
Номер 2022-35894
Номер Листа государственной регистраци КН-П-3074
035 ## - ДРУГИЕ СИСТЕМНЫЕ НОМЕРА
Идентификатор записи (RuMoRGB)011099092
035 ## - ДРУГИЕ СИСТЕМНЫЕ НОМЕРА
Идентификатор записи (NLR Aleph) 012864675
100 ## - ДАННЫЕ ОБЩЕЙ ОБРАБОТКИ
Данные общей обработки 20220811d2022 |||y0rusy50 ca
101 0# - ЯЗЫК РЕСУРСА
Язык текста, звукозаписи и т.д. русский
-- английский
102 ## - СТРАНА ПУБЛИКАЦИИ ИЛИ ПРОИЗВОДСТВА
Страна публикации российская федерация
105 ## - ПОЛЕ КОДИРОВАННЫХ ДАННЫХ: ТЕКСТОВЫЕ МАТЕРИАЛЫ, МОНОГРАФИЧЕСКИЕ
Кодированные данные о монографическом текстовом документе y z 000zy
182 #1 - ПОЛЕ КОДИРОВАННЫХ ДАННЫХ: ТИП СРЕДСТВА
Код типа средства (ISBD) n - непосредственное
200 1# - ЗАГЛАВИЕ И СВЕДЕНИЯ ОБ ОТВЕТСТВЕННОСТИ
Основное заглавие Топчий Валентин Алексеевич
Сведения, относящиеся к заглавию биобиблиографический указатель
Первые сведения об ответственности Минобрнауки России, Институт математики имени С. Л. Соболева СО РАН, Омский филиал
Последующие сведения об ответственности составитель Р. Х. Багаутдинова
203 ## - ВИД СОДЕРЖАНИЯ И ТИП СРЕДСТВА
Вид содержания Текст
Дополнительные сведения об издании визуальный
Тип средства непосредственный
210 ## - ПУБЛИКАЦИЯ, РАСПРОСТРАНЕНИЕ И ДР.
Место издания, распространения и т.д. Омск
Имя издателя, распространителя и т. д. ОмГТУ
Дата издания, распространения и т.д. 2022
215 ## - ФИЗИЧЕСКАЯ ХАРАКТЕРИСТИКА
Специфическое обозначение материала и объем 27 с.
Другие сведения о физической характеристике портр.
Размеры 21
300 ## - ОБЩИЕ ПРИМЕЧАНИЯ
Текст примечания Часть текста парал. рус., англ.
330 ## - РЕЗЮМЕ ИЛИ РЕФЕРАТ
Текст примечания Указатель подготовлен в целях сбора библиографической информации об опубликованных результатах научной и образовательной деятельности профессора, доктора физико-математических наук Топчия Валентина Алексеевича. Рекомендуется для научно-педагогических работников и студентов физико-математических специальностей, а также специалистов в области теории вероятностей
600 #1 - ИМЯ ЛИЦА КАК ПРЕДМЕТ
Начальный элемент ввода Топчий
Часть имени, кроме начального элемента ввода В. А.
Даты 1950
Расширение инициалов личного имени Валентин Алексеевич
Системный номер авторитетной/нормативной записи 2529646
Идентификатор авторитетной/нормативной записи RU\NLR\AUTH\6601712387
675 ## - УНИВЕРСАЛЬНАЯ ДЕСЯТИЧНАЯ КЛАССИФИКАЦИЯ (UDC/УДК)
Индекс 012
Издание 4
675 ## - УНИВЕРСАЛЬНАЯ ДЕСЯТИЧНАЯ КЛАССИФИКАЦИЯ (UDC/УДК)
Индекс 016:519.2(47+57)(092)
Издание 4
686 1# - ИНДЕКСЫ ДРУГИХ КЛАССИФИКАЦИЙ
Индекс Ч484(2)7-8Топчий.я1
686 1# - ИНДЕКСЫ ДРУГИХ КЛАССИФИКАЦИЙ
Индекс В1д(2)Топчий
702 #1 - ИМЯ ЛИЦА - ВТОРИЧНАЯ ОТВЕТСТВЕННОСТЬ
Начальный элемент ввода Багаутдинова
Часть имени, кроме начального элемента ввода Р. Х.
Расширение инициалов личного имени Роза Хаматкамиловна
Код отношения Составитель
712 02 - НАИМЕНОВАНИЕ ОРГАНИЗАЦИИ - ВТОРИЧНАЯ ОТВЕТСТВЕННОСТЬ
Код отношения Прочие
Начальный элемент ввода Институт математики им. С. Л. Соболева
Идентифицирующий признак Новосибирск
Структурное подразделение Омский филиал
Идентификатор авторитетной/нормативной записи RU\NLR\AUTH\8810065511
Системный номер авторитетной/нормативной записи 632627
942 ## - ДОПОЛНИТЕЛЬНЫЕ ЭЛЕМЕНТЫ ЗАПИСИ (АБИС)
Тип экземпляра АБИС Книга
980 ## - КОЛЛЕКЦИЯ
Название коллекции Национальная библиография
Экземпляры
Тип экземпляра Дата поступления Источник поступления Стоимость Библиотека постоянного хранения Библиотека текущего хранения Место хранения Шифр хранения Штрих-код Статус не для выдачи
Книга 11.08.2022 Обязательный экземпляр 0.00 РНБ (Московский) РНБ (Московский) Центральная справочная библиотека С 2022-2/234 1-3933264